Technology of plasticizers (Record no. 37075)

MARC details
000 -LEADER
fixed length control field 00308nam a2200121Ia 4500
082 ## - DEWEY DECIMAL CLASSIFICATION NUMBER
Classification number 678.049:62
Item number SEA
100 ## - MAIN ENTRY--AUTHOR NAME
Personal name Darby, Joseph R
245 #0 - TITLE STATEMENT
Title Technology of plasticizers
260 ## - PUBLICATION, DISTRIBUTION, ETC. (IMPRINT)
Place of publication New York
Name of publisher John wiley
Year of publication 1982
700 ## - ADDED ENTRY--PERSONAL NAME
Personal name Sears, J Kern
942 ## - ADDED ENTRY ELEMENTS (KOHA)
Koha item type Books
Holdings
Withdrawn status Lost status Damaged status Not for loan Home library Current library Date acquired Cost, normal purchase price Full call number Accession Number Koha item type
        RRII Library RRII Library 16/12/2021 165.00 678.049:62 SEA 17466 Books